[Event "CZE-ch (Women)"]
[Site "Olomouc"]
[Date "1995.??.??"]
[Round "?"]
[White "Blazkova, Petra"]
[Black "Svobodova, Michaela"]
[Result "1-0"]
[WhiteElo "2205"]
[BlackElo "2120"]

1.e4 c5 2.Nf3 e6 3.d4 cxd4 4.Nxd4 a6 5.Nc3 b5 6.Bd3 d6 7.Be3 Bb7 8.Qd2 Nf6
9.f3 Be7 10.g4 Nc6 11.O-O-O Nxd4 12.Bxd4 O-O 13.g5 Nd7 14.h4 Qa5 15.Kb1 b4
16.Ne2 Ne5 17.Rh3 Rfc8 18.f4 Nxd3 19.Qxd3 e5 20.Be3 d5 21.exd5 Rd8 22.c4 bxc3
23.Nxc3 exf4 24.Bxf4 Bb4 25.d6 Bxc3 26.bxc3 Bc8 27.Ka1 Bxh3 28.Qxh3 Rac8
29.Rc1 Rc4 30.Qe3 Rb8 31.Qd2 Qa3 32.d7 Rd8 33.Re1 Qa4 34.Qe2 Qxd7 35.Qxc4 Rc8
36.Qd4 Qh3 37.Be5  1-0

[Event "CZE-ch"]
[Site "Olomouc"]
[Date "1995.??.??"]
[Round "?"]
[White "Jansa, Vlastimil"]
[Black "Votava, Jan"]
[Result "1-0"]
[WhiteElo "2525"]
[BlackElo "2395"]

1.e4 c5 2.Nc3 a6 3.Nf3 e6 4.d4 cxd4 5.Nxd4 Qc7 6.Bd3 b5 7.O-O Bb7 8.Re1 d6
9.Bg5 Nd7 10.Nd5 exd5 11.exd5+ Be7 12.Nf5 Ne5 13.Bxe7 Nxe7 14.Nxe7 Qxe7 15.f4 O-O
16.fxe5 dxe5 17.Qh5 g6 18.Qxe5 Qc5+ 19.Kh1 Qxd5 20.Qxd5 Bxd5 21.a4 Bc4 22.Be4 Rab8
23.b3 Be6 24.a5 Rfd8 25.Rad1 Kf8 26.Kg1 Ke7 27.Kf2 Rd6 28.Ke3 Rbd8 29.Rxd6 Rxd6
30.Re2 Rd7 31.Rd2 Rc7 32.Rd4 f5 33.Bd3 g5 34.g3 h6 35.Kd2 Rc5 36.Be2 Rc7
37.Bf3 Bc8 38.Rd3 Be6 39.Rc3 Rd7+ 40.Ke3 Ra7 41.Rc6  1-0

[Event "CZE-ch (Women)"]
[Site "Olomouc"]
[Date "1995.??.??"]
[Round "?"]
[White "Tallova, Ivana"]
[Black "Svobodova, Michaela"]
[Result "0-1"]
[WhiteElo "2060"]
[BlackElo "2120"]

1.e4 c5 2.Nf3 e6 3.d4 cxd4 4.Nxd4 a6 5.Nc3 b5 6.Bd3 d6 7.O-O Nf6 8.Re1 Be7
9.a4 b4 10.Na2 e5 11.Nf5 Bxf5 12.exf5 Nc6 13.f4 O-O 14.Qf3 Rc8 15.Be3 Qa5
16.g4 Rfe8 17.Bf2 exf4 18.g5 Nd7 19.Qxf4 Bf8 20.g6 Nde5 21.gxh7+ Kh8 22.Nc1 Nxd3
23.Nxd3 Ne5 24.Nxe5 Rxe5 25.Rxe5 Qxe5 26.Qxe5 dxe5 27.Re1 Rxc2 28.Rxe5 Kxh7
29.b3 Bd6 30.Ra5 Bxh2+ 31.Kxh2 Rxf2+ 32.Kg3 Rb2 33.Rxa6 Rxb3+ 34.Kg4 Ra3
35.a5 b3 36.f6 Ra4+ 37.Kf3 Rb4  0-1

[Event "CZE-ch"]
[Site "Olomouc"]
[Date "1995.??.??"]
[Round "?"]
[White "Biolek, Richard"]
[Black "Votava, Jan"]
[Result "1/2-1/2"]
[WhiteElo "2455"]
[BlackElo "2395"]

1.e4 c5 2.Nf3 e6 3.d4 cxd4 4.Nxd4 a6 5.Nc3 Qc7 6.g3 Bb4 7.Bd2 Nc6 8.Nxc6 bxc6
9.Bg2 Ne7 10.O-O O-O 11.Nb5 axb5 12.Bxb4 c5 13.e5 Ra6 14.Bd2 Qxe5 15.Bf4 Qxb2
16.Bd6 Re8 17.Bxc5 d5 18.a3 Nf5 19.Qd3 Bd7 20.g4 Rc8 21.Bb4 Nh4 22.c3 Nxg2
23.Kxg2 Qb3 24.f4 Qc4 25.Qxc4 bxc4 26.Rad1 f6 27.Kf2 Bc6 28.Rfe1 Kf7 29.Re3 h6
30.h4 Ba4 31.Rd2 Rd8 32.Kg3 Bc6 33.Re1 Rg8 34.Rh2 Ba8 35.Bc5 Ke8 36.Bb4 Kd7
37.Rd2 Re8 38.Rde2 Bb7 39.Bc5 Bc8 40.Bb4 Kc6 41.Re3 Bd7 42.R3e2 Kc7 43.Rd2 Kc6
44.f5 Ra7 45.fxe6 Rxe6 46.Rxe6+ Bxe6 47.Re2 Bf7 48.Kf4 Bg6 49.Re7 Rxe7 50.Bxe7 d4
51.cxd4  1/2-1/2

[Event "CZE-ch"]
[Site "Olomouc"]
[Date "1995.??.??"]
[Round "?"]
[White "Fuksik, Jakub"]
[Black "Votava, Jan"]
[Result "0-1"]
[WhiteElo "2165"]
[BlackElo "2395"]

1.e4 c5 2.Nf3 e6 3.d4 cxd4 4.Nxd4 a6 5.Nc3 Qc7 6.g3 Bb4 7.Bd2 Nc6 8.Nxc6 bxc6
9.Qg4 Bf8 10.Bg2 Nf6 11.Qd1 a5 12.O-O Ba6 13.Re1 e5 14.Be3 Be7 15.Na4 O-O
16.Nc5 Bc8 17.c4 d6 18.Na4 Be6 19.Rc1 Rab8 20.h3 Nd7 21.g4 Rfd8 22.b3 Nf8
23.Nc3 Ng6 24.Qd2 Rd7 25.Nd5 Qd8 26.Nxe7+ Nxe7 27.f4 exf4 28.Bxf4 Ng6 29.Red1 Qb6+
30.Be3 Qa6 31.Rc3 Ne5 32.Bd4 Rbd8 33.Qc2 c5 34.Be3 h6 35.Bf4 f6 36.Qf2 Qb6
37.Rf1 a4 38.Bf3 Ra8 39.Bd1 Rf7 40.Qd2 axb3 41.Bxb3 Qc6 42.Re1 Rd7 43.Qe3 g5
44.Bg3 Kg7 45.Rd1 Rad8 46.Rd2 Bf7 47.Rc1 Re7 48.Bxe5 Rxe5 49.Re1 Bg6 50.Bc2 Qa6
51.Qb3 Bf7 52.Bd3 Qa7 53.Rb2 d5 54.Rbe2 Rb8 55.Qc2 d4 56.Rb1 Bg6 57.Kg2 h5
58.Rxb8 Qxb8 59.Re1 h4 60.Rb1 Qc7 61.Qe2 Re7 62.Qf3 Qe5 63.a4 Ra7 64.Bc2 Be8
65.Kg1 Bc6 66.Qd3 Ra8 67.Rb5 Bxb5 68.cxb5 Rc8 69.Bb3 c4 70.Bxc4 Qc5  0-1

[Event "HUN-ch U20"]
[Site "Paks"]
[Date "1995.??.??"]
[Round "?"]
[White "Boros, Daniel"]
[Black "Csoke, Krisztian"]
[Result "1-0"]
[WhiteElo "2285"]
[BlackElo "2295"]

1.e4 c5 2.Nf3 e6 3.d4 cxd4 4.Nxd4 a6 5.Nc3 Qc7 6.Be2 Nf6 7.O-O Be7 8.f4 d6
9.a4 b6 10.Bf3 Nfd7 11.Be3 Bb7 12.f5 e5 13.Nb3 Nf6 14.Qe1 Nbd7 15.Kh1 Rc8
16.Qg3 Bf8 17.Qh3 h6 18.Rad1 Qb8 19.Qh4 Be7 20.Qg3 Kf8 21.Qf2 Rc6 22.Nc1 Nc5
23.Nd3 Rc8 24.Nxc5 bxc5 25.Qe2 Bd8 26.Bf2 Ke7 27.Nb1 Re8 28.Na3 Kf8 29.Nc4 Be7
30.Bh4 Red8 31.a5 Rc6 32.g4 Nh7 33.Bxe7+ Kxe7 34.h4 Qc7 35.Rd2 Bc8 36.Rfd1 f6
37.Nb6 Kf8 38.Qc4 Bb7 39.Be2 Qf7 40.Qa4 Qe8 41.Bc4 h5 42.Bd5 hxg4 43.Kg1 Qh5
44.Qb3 Rc7 45.Bxb7 Rxb7 46.Rxd6 Rxd6 47.Rxd6 Qxh4 48.Rd8+ Ke7 49.Qe6+ Kxd8
50.Qc8+ Ke7 51.Qxb7+ Kf8 52.Qc8+ Kf7 53.Qe6+  1-0

[Event "Pamplona op"]
[Site "Pamplona"]
[Date "1995.??.??"]
[Round "?"]
[White "Oms Pallise, Josep"]
[Black "Sion Castro, Marcelino"]
[Result "1/2-1/2"]
[WhiteElo "2350"]
[BlackElo "2390"]

1.e4 c5 2.Nf3 e6 3.Nc3 a6 4.d4 cxd4 5.Nxd4 Qc7 6.g3 Nf6 7.Bg2 Be7 8.O-O O-O
9.h3 Nc6 10.a4 Rd8 11.Re1 d6 12.Nb3 b6 13.Qe2 Bb7 14.g4 Rac8 15.Be3 Nd7 16.g5 Bf8
17.f4 Nb4 18.h4 e5 19.f5 d5 20.exd5 e4 21.Rad1 Nc5 22.Nxc5 Bxc5 23.Bxc5 bxc5
24.Qxe4 Qd7 25.Qe7 Nxc2 26.Re5 Nd4 27.f6 Qg4 28.Rf1 Ba8 29.Re4 Qh5 30.fxg7 Kxg7
31.Ref4 Rf8 32.d6 Bxg2 33.Kxg2 Ne6 34.Qf6+ Kg8 35.Re4 Qg6 36.Qxg6+ hxg6 37.Nd5 Rb8
38.Rf2 Rfd8 39.d7 Kg7 40.Nf6 Rb3 41.Rd2 Kf8 42.Re5 Ke7 43.Rc2 Rdb8 44.Rcxc5 Rxb2+
45.Kf1 Rh2 46.Rc8 Rb1+ 47.Re1 Rh1+ 48.Kf2 Rhxe1 49.Re8+ Kd6 50.Rxe6+ Kxe6
51.d8=Q Rf1+  1/2-1/2

[Event "Pardubice op"]
[Site "Pardubice"]
[Date "1995.??.??"]
[Round "?"]
[White "Stocek, Jiri"]
[Black "Gipslis, Aivars"]
[Result "1/2-1/2"]
[WhiteElo "2475"]
[BlackElo "2445"]

1.e4 c5 2.Nf3 e6 3.Nc3 a6 4.d4 cxd4 5.Nxd4 b5 6.Bd3 Bb7 7.O-O Ne7 8.Re1 Nbc6
9.Nxc6 Bxc6 10.Bg5 f6 11.Bh4 Ng6 12.Qh5 Be7 13.a4 bxa4 14.Nxa4 O-O 15.Bg3 e5
16.Qe2 Kh8 17.Red1 a5 18.Bb5 Qc7 19.Bxc6 Qxc6 20.c4 Bb4 21.b3 d6 22.Rab1 f5
23.exf5 Rxf5 24.f3 Nf4 25.Bxf4 exf4 26.Qe6 Raf8 27.Nb2 Re5 28.Qg4 h6 29.Kh1 d5
30.Rbc1 Ba3 31.cxd5 Qe8 32.Nd3 Bxc1 33.Nxe5 Qxe5 34.Rxc1 Qxd5 35.h4 Qxb3
36.Rc7 Qb2 37.Ra7 Qa1+ 38.Kh2 a4 39.Qd7 Qf6 40.Kh3 Qa1 41.Kh2 Qf6 42.Kh3 Qa1  1/2-1/2

[Event "Pardubice op"]
[Site "Pardubice"]
[Date "1995.??.??"]
[Round "?"]
[White "Stocek, Jiri"]
[Black "Movsesian, Sergei"]
[Result "0-1"]
[WhiteElo "2475"]
[BlackElo "2470"]

1.e4 c5 2.Nf3 e6 3.Nc3 a6 4.d4 cxd4 5.Nxd4 Qc7 6.Bd3 Nf6 7.Qe2 d6 8.Bg5 Be7
9.O-O-O b5 10.f4 b4 11.Nb1 h6 12.Bh4 e5 13.Nf5 Bxf5 14.exf5 Nc6 15.Bxf6 Bxf6
16.Nd2 d5 17.fxe5 Nxe5 18.Nf3 O-O 19.Nxe5 Bxe5 20.Rhe1 Bf6 21.Qf3 Rfd8 22.Kb1 Qc6
23.g4 a5 24.Bf1 a4 25.Bg2 Ra5 26.Rd3 Rc8 27.Qd1 Rd8 28.Re2 a3 29.b3 Rc5 30.c4 bxc3
31.Kc2 Qd6 32.Qe1 d4 33.h4 Kf8 34.Re4 Qh2 35.Qh1 Qd6 36.g5 Rxf5 37.Re2 Re5
38.Be4 Be7 39.gxh6 Qxh6 40.Qg1 Bc5  0-1

[Event "Pardubice op"]
[Site "Pardubice"]
[Date "1995.??.??"]
[Round "?"]
[White "Biolek, Richard"]
[Black "Flis, Jacek"]
[Result "1-0"]
[WhiteElo "2415"]
[BlackElo "2310"]

1.e4 c5 2.Nf3 e6 3.d4 cxd4 4.Nxd4 a6 5.Nc3 Qc7 6.g3 Nc6 7.Bg2 d6 8.O-O Bd7
9.Kh1 Nf6 10.f4 Be7 11.Be3 Rc8 12.Nxc6 Bxc6 13.a4 O-O 14.a5 Nd7 15.Rf2 f5
16.Rd2 g6 17.Qe2 Bf6 18.Bd4 Bxd4 19.Rxd4 Nc5 20.exf5 Bxg2+ 21.Kxg2 exf5 22.Rad1 Rcd8
23.Qc4+ Rf7 24.Re1 Kg7 25.b4 Ne4 26.Qxc7 Rxc7 27.Nxe4 fxe4 28.c4 Re8 29.Rexe4 Rxe4
30.Rxe4 Kf6 31.Kf3 Rc6 32.Ke3 b6 33.b5 axb5 34.cxb5 Rc5 35.a6 Rc3+ 36.Kd4 Ra3
37.Kd5  1-0

[Event "Pardubice op"]
[Site "Pardubice"]
[Date "1995.??.??"]
[Round "?"]
[White "Flis, Jacek"]
[Black "Rogovski, Vladimir"]
[Result "1-0"]
[WhiteElo "2310"]
[BlackElo "2460"]

1.e4 c5 2.Nf3 e6 3.d4 cxd4 4.Nxd4 a6 5.Nc3 Qc7 6.Be2 b5 7.Bf3 Bb7 8.O-O Nc6
9.Nxc6 dxc6 10.Qe2 e5 11.Nd1 Bc5 12.c3 Ne7 13.a3 a5 14.Be3 Bd6 15.c4 bxc4
16.Qc2 O-O 17.Be2 f5 18.Bxc4+ Kh8 19.f3 fxe4 20.fxe4 Ng6 21.Rxf8+ Rxf8 22.Nc3 Nf4
23.Rf1 Qe7 24.Kh1 Bc8 25.Ne2 Rf6 26.Qd2 Bg4 27.Nxf4 exf4 28.Bd4 Rh6 29.e5 Bxe5
30.Bxe5 f3 31.gxf3 Bh3 32.Rd1 Bd7 33.Qxd7  1-0

[Event "Pardubice op"]
[Site "Pardubice"]
[Date "1995.??.??"]
[Round "?"]
[White "Hracek, Zbynek"]
[Black "Movsesian, Sergei"]
[Result "1/2-1/2"]
[WhiteElo "2635"]
[BlackElo "2470"]

1.e4 c5 2.Nc3 e6 3.Nf3 a6 4.d4 cxd4 5.Nxd4 Qc7 6.Be3 Nf6 7.Bd3 b5 8.O-O Bb7
9.a3 Nc6 10.Kh1 Nxd4 11.Bxd4 e5 12.Be3 h6 13.f4 Bd6 14.Bxb5 exf4 15.Bd4 Be5
16.Bxe5 Qxe5 17.Bd3 O-O 18.Qf3 g5 19.g3 Qd4 20.gxf4 g4 21.Rg1 Kh8 22.Qg2  1/2-1/2

[Event "Pardubice op"]
[Site "Pardubice"]
[Date "1995.??.??"]
[Round "?"]
[White "Moroz, Alexander"]
[Black "Jurkovic, Hrvoje"]
[Result "1-0"]
[WhiteElo "2475"]
[BlackElo "2355"]

1.e4 c5 2.Nf3 e6 3.d4 cxd4 4.Nxd4 a6 5.Nc3 Qc7 6.Bd3 Nf6 7.O-O Nc6 8.Nxc6 bxc6
9.Qe2 e5 10.Na4 Bb7 11.c4 d6 12.c5 d5 13.b4 Be7 14.f4 O-O 15.Nb6 Rad8 16.exd5 cxd5
17.fxe5 Ne4 18.Nxd5 Rxd5 19.Qxe4 g6 20.Bb2 Qc6 21.Bc4 Rxc5 22.Qxc6 Rxc6 23.Bd5 Rc7
24.Bb3 Bc8 25.a3 Be6 26.Bxe6 fxe6 27.Rxf8+ Kxf8 28.Rc1 Rb7 29.Rc8+ Kf7 30.Bc3 a5
31.bxa5 Bxa3 32.a6 Ra7 33.Rc6 Ke7 34.Bd4 Kd7 35.Rxe6 Rc7 36.Rf6 Bc5 37.Bxc5 Rxc5
38.Rf7+ Ke6 39.Rxh7 Kxe5 40.a7 Ra5 41.Kf2 Kf5 42.Ke3 Ra3+ 43.Kd4 Ra2 44.Kc5  1-0

[Event "Paris op"]
[Site "Paris"]
[Date "1995.??.??"]
[Round "?"]
[White "Medina, Jose"]
[Black "Saunier, Serge"]
[Result "1-0"]
[WhiteElo "2105"]
[BlackElo "2040"]

1.e4 c5 2.Nf3 e6 3.Nc3 a6 4.d4 cxd4 5.Nxd4 Nc6 6.Be3 Nf6 7.Nxc6 bxc6 8.e5 Nd5
9.Nxd5 cxd5 10.Bd3 Bb7 11.Qg4 Bc6 12.O-O Bb5 13.c4 Bc6 14.cxd5 Bxd5 15.Be4 Qa5
16.Bxd5 Qxd5 17.Qd4 Qxd4 18.Bxd4 Be7 19.Rfd1 f6 20.Rac1 d5 21.exd6 Bxd6 22.Bxf6 Bxh2+
23.Kxh2 gxf6 24.Rd6 Kf7 25.Rc7+ Kg6 26.Rxe6 Kf5 27.Rcc6 Raf8 28.Rxa6 Rhg8
29.Re7 h5 30.Ra5+ Kg6 31.Re3 Rh8 32.b4 Rb8 33.Rb3 Rb6 34.a4 Rhb8 35.b5 h4
36.Ra7 f5 37.Rc7 Ra8 38.Rc6+ Rxc6 39.bxc6 Rxa4 40.Rc3 Ra8 41.c7 Rc8 42.Kh3 Kg5
43.Rc4 Kf6 44.Kxh4 Rh8+ 45.Kg3 Rg8+ 46.Kf3 Rc8 47.Kf4 Ke6 48.f3 Kd5 49.Rc2 Ke6
50.g4 fxg4 51.fxg4 Rf8+ 52.Ke4 Rc8 53.g5 Ke7 54.Ke5 Kf7 55.Kd6  1-0

[Event "Paris op"]
[Site "Paris"]
[Date "1995.??.??"]
[Round "?"]
[White "Nataf, Igor Alexandre"]
[Black "Forintos, Gyozo V"]
[Result "1-0"]
[WhiteElo "2340"]
[BlackElo "2485"]

1.e4 c5 2.Nf3 e6 3.d4 cxd4 4.Nxd4 a6 5.Nc3 Qc7 6.g3 Nf6 7.Bg2 Nc6 8.O-O Nxd4
9.Qxd4 Bc5 10.Bf4 d6 11.Qd2 h6 12.Rad1 Ke7 13.b4 Bxb4 14.Nb5 axb5 15.Qxb4 Ne8
16.Bxd6+ Nxd6 17.e5 Rd8 18.Rxd6 Rxd6 19.Rd1 Ra6 20.Bf1 Bd7 21.a4 Qxc2 22.Rxd6 Rxd6
23.exd6+ Ke8 24.Qd4 Bc6 25.Qa7 Bd7 26.axb5 Qc8 27.h4 f6 28.Qb6 Kf7 29.Kh2 f5
30.Bg2 Qc4 31.Qd8 Qxb5 32.Bf3 Kg6 33.Qg8 Kf6 34.h5 Be8 35.Qf8+ Ke5 36.Qxg7+ Kxd6
37.Qxh6 Qd7 38.Qf6 Qe7 39.Qd4+ Kc7 40.h6 Qh7 41.Qf6 Bg6 42.Qf8 b5 43.Qc5+ Kd8
44.Qd6+ Qd7 45.Qb8+ Ke7 46.Qe5 Qe8 47.Bh5 Qg8 48.g4 Bxh5 49.h7 Qxg4 50.h8=Q Qh4+
51.Kg2 Qg4+ 52.Qg3  1-0

[Event "Paris op"]
[Site "Paris"]
[Date "1995.??.??"]
[Round "?"]
[White "Nataf, Igor Alexandre"]
[Black "Horvath, Csaba"]
[Result "0-1"]
[WhiteElo "2340"]
[BlackElo "2500"]

1.e4 c5 2.Nf3 e6 3.d4 cxd4 4.Nxd4 a6 5.Nc3 Qc7 6.g3 Nf6 7.Bg2 Be7 8.O-O O-O
9.Re1 d6 10.a4 Nc6 11.Be3 Na5 12.g4 h6 13.Kh1 Nc4 14.Bc1 Qb6 15.Bf1 Qb4 16.f3 Bd7
17.Na2 Qa5 18.b3 Ne5 19.Be3 Qc7 20.c4 Ng6 21.Nc3 Rae8 22.Rc1 Qb8 23.Bd3 Bd8
24.Qd2 Ba5 25.Nc2 Ne5 26.Be2 Nexg4 27.Bg1 Ne5 28.b4 Bc7 29.Bd4 Bd8 30.Rg1 Ng6
31.Bd3 Nh5 32.Be3 Bf6 33.Ne2 e5 34.b5 axb5 35.axb5 Kh7 36.Nb4 Bd8 37.Qc2 Nh4
38.Rcf1 Bh3 39.Rf2 Ng6 40.Nd5 Bh4 41.Ng3 Nhf4 42.Bxf4 exf4 43.Nh5 Bxf2 44.Qxf2 Qd8
45.Nhxf4 Nxf4 46.Nxf4 Bc8 47.e5+ Kh8 48.e6 Rxe6 49.Nxe6 fxe6 50.Rg6 e5 51.Qd2 Rxf3
52.Rxg7 Kxg7 53.Qg2+ Qg5 54.Qxf3 b6 55.h3 Qc1+ 56.Kg2 Qf4 57.Qd5 Qg5+ 58.Kh2 Qd2+
59.Kg3 Qe3+ 60.Qf3 Qxf3+  0-1

[Event "Passau op"]
[Site "Passau"]
[Date "1995.??.??"]
[Round "?"]
[White "Solomunovic, Igor"]
[Black "Bunk, Karsten"]
[Result "1-0"]
[WhiteElo "2345"]
[BlackElo "2160"]

1.e4 c5 2.Nf3 e6 3.d4 cxd4 4.Nxd4 a6 5.Nc3 Qc7 6.g3 b5 7.Bg2 Bb7 8.O-O d6
9.Re1 Nd7 10.Bg5 Ngf6 11.a4 bxa4 12.Rxa4 Be7 13.Bc1 O-O 14.g4 Nb6 15.Ra1 Rfd8
16.g5 Nfd7 17.Qg4 Nf8 18.Qg3 Rac8 19.Bf1 Nc4 20.b3 Ne5 21.Bb2 Qb6 22.Na4 Qc7
23.f4 Nc6 24.Nxc6 Qxc6 25.c4 d5 26.exd5 Bc5+ 27.Nxc5 Qxc5+ 28.Qf2 Qxf2+ 29.Kxf2 exd5
30.Bh3 Ne6 31.Rxe6 fxe6 32.Bxe6+ Kh8 33.Bxc8 Rxc8 34.Re1 dxc4 35.bxc4 Rf8
36.Re7 Rxf4+ 37.Kg3 Re4 38.Rxb7  1-0

[Event "Prague Mladi op"]
[Site "Prague"]
[Date "1995.??.??"]
[Round "7"]
[White "Fuksik, Jakub"]
[Black "Krejci, Jakub"]
[Result "1-0"]
[WhiteElo "2165"]
[BlackElo "2195"]

1.e4 c5 2.Nf3 e6 3.d4 cxd4 4.Nxd4 a6 5.Nc3 Qc7 6.g3 Bb4 7.Bd2 Nf6 8.Bg2 O-O
9.O-O Nc6 10.Nxc6 dxc6 11.a3 Be7 12.Qe2 e5 13.Nd1 b5 14.Ne3 g6 15.Kh1 a5
16.f4 Ba6 17.b4 axb4 18.axb4 Nd7 19.Ng4 h5 20.Ne3 Bb7 21.f5 Rxa1 22.Rxa1 Nf6
23.fxg6 fxg6 24.c4 c5 25.cxb5 cxb4 26.Nd5 Nxd5 27.exd5 Qd6 28.Qd3 Kg7 29.Rb1 Qd7
30.Bxb4 Bxb4 31.Rxb4 Rf2 32.Rb1 Qf7 33.Rd1 Qd7 34.Qe3 Qf5 35.Kg1 Rb2 36.Rf1 Rb1
37.Qa7 Rxf1+ 38.Bxf1 Qd7 39.Bc4 Qc8 40.b6  1-0

[Event "Prague Bohemians"]
[Site "Prague"]
[Date "1995.??.??"]
[Round "10"]
[White "Prandstetter, Eduard"]
[Black "Gaertner, Guntram"]
[Result "1-0"]
[WhiteElo "2370"]
[BlackElo "2325"]

1.e4 c5 2.Nf3 e6 3.d4 cxd4 4.Nxd4 a6 5.Nc3 b5 6.Bd3 Ne7 7.Bg5 b4 8.Nce2 Qa5
9.Bd2 Nbc6 10.Nb3 Qc7 11.f4 Ng6 12.O-O Be7 13.Ng3 a5 14.Be3 d6 15.Nh5 O-O
16.f5 exf5 17.exf5 Nge5 18.f6 Bg4 19.Be2 Bxe2 20.Qxe2 Bxf6 21.Nxf6+ gxf6
22.Rxf6 Ng6 23.Raf1 Rae8 24.Qf2 Re6 25.Bh6 Nce5 26.Rxe6 Ng4 27.Rxg6+ hxg6
28.Qf4 Nxh6 29.Qxh6 Qxc2 30.Qd2  1-0

[Event "CZE Moravia-ch (Women)"]
[Site "Prerov"]
[Date "1995.??.??"]
[Round "7"]
[White "Korinkova, G."]
[Black "Muzikantova, Vladimira"]
[Result "0-1"]
[WhiteElo "1890"]
[BlackElo "1895"]

1.e4 c5 2.Nf3 e6 3.d4 cxd4 4.Nxd4 a6 5.Nc3 Qc7 6.Be3 Nf6 7.Be2 Bb4 8.Qd3 d5
9.exd5 Nxd5 10.Bd2 Nxc3 11.Bxc3 Bxc3+ 12.bxc3 O-O 13.O-O Nd7 14.Nf3 Nc5 15.Qc4 Bd7
16.Rfd1 Bb5  0-1

[Event "CRO-Cup"]
[Site "Pula"]
[Date "1995.??.??"]
[Round "3"]
[White "Zelic, Zdravko"]
[Black "Jurkovic, Hrvoje"]
[Result "1-0"]
[WhiteElo "2385"]
[BlackElo "2285"]

1.e4 c5 2.Nf3 e6 3.d4 cxd4 4.Nxd4 a6 5.Nc3 Qc7 6.g3 Nc6 7.Bg2 Nf6 8.O-O d6
9.Re1 Bd7 10.a4 Be7 11.Nb3 b6 12.h3 Rb8 13.Qe2 Bc8 14.Be3 Bb7 15.Rad1 O-O
16.g4 Nd7 17.f4 Rfe8 18.g5 Bf8 19.Qf2 Ba8 20.h4 Nb4 21.Nd4 e5 22.Nf5 exf4
23.Bxf4 Ne5 24.Kh1 b5 25.axb5 axb5 26.Nd4 Qc5 27.Rf1 Nbc6 28.Be3 Nxd4 29.Bxd4 Qc4
30.b3 Qc7 31.Ra1 Bc6 32.h5 Rb7 33.Qf4 b4 34.Nd1 g6 35.Ne3 gxh5 36.Nf5 Re6
37.Bh3 Rg6 38.Nh4  1-0

[Event "Riga op"]
[Site "Riga"]
[Date "1995.??.??"]
[Round "?"]
[White "Malisauskas, Vidmantas"]
[Black "Brodsky, Michail"]
[Result "1-0"]
[WhiteElo "2520"]
[BlackElo "2535"]

1.e4 c5 2.Nf3 e6 3.d4 cxd4 4.Nxd4 a6 5.Nc3 b5 6.Bd3 d6 7.a4 b4 8.Na2 Bb7
9.O-O d5 10.e5 Nc6 11.Nxc6 Bxc6 12.Bd2 Qb8 13.Re1 Qb7 14.Nc1 Ne7 15.Nb3 Ng6
16.f4 Bd7 17.Qg4 Ne7 18.Re3 Nf5 19.Bxf5 exf5 20.Qe2 g6 21.e6 fxe6 22.Rxe6+ Kf7
23.Re1 Qc8 24.Re7+ Bxe7 25.Qxe7+ Kg8 26.Bxb4 h6 27.Nc5 Bc6 28.Bc3 Qf8 29.Qe6+ Kh7
30.Qxc6 Rc8 31.Qd7+  1-0

[Event "Riga op"]
[Site "Riga"]
[Date "1995.??.??"]
[Round "?"]
[White "Malisauskas, Vidmantas"]
[Black "Miezis, Normunds"]
[Result "1/2-1/2"]
[WhiteElo "2520"]
[BlackElo "2435"]

1.e4 c5 2.Nf3 e6 3.d4 cxd4 4.Nxd4 a6 5.Nc3 Qc7 6.g3 Bb4 7.Bd2 Nf6 8.Bg2 Nc6
9.Nxc6 dxc6 10.O-O Bc5 11.Qe2 e5 12.Be3 Bg4 13.f3 Qb6 14.Bxc5 Qxc5+ 15.Qf2  1/2-1/2

[Event "Andalucia-ch"]
[Site "Rincon de La Victoria"]
[Date "1995.??.??"]
[Round "3"]
[White "Ferrer Sanchez, P."]
[Black "Diez Gonzalez, Pedro M"]
[Result "1/2-1/2"]
[WhiteElo "2165"]
[BlackElo "2235"]

1.e4 c5 2.Nf3 e6 3.d4 cxd4 4.Nxd4 a6 5.Nc3 Qc7 6.Be2 Nf6 7.O-O d6 8.f4 Nc6
9.Be3 Be7 10.Kh1 O-O 11.Qe1 Bd7 12.Qg3 g6 13.Rae1 b5 14.e5 Ne8 15.Bd3 Nxd4
16.Bxd4 Bc6 17.Ne4 Bxe4 18.Bxe4 Rc8 19.Bd3 Ng7 20.Qh3 dxe5 21.Bxe5 Bd6 22.Rf3 f6
23.Bxd6 Qxd6 24.Qh6 Nf5 25.Bxf5 exf5 26.Rd3 Rfe8 27.Red1 Qe7 28.h3 Red8 29.Rxd8+ Rxd8
30.Rxd8+ Qxd8 31.Qh4 Qd2 32.Qxf6 Qc1+ 33.Kh2 Qxf4+ 34.Kh1 Qc1+ 35.Kh2 Qxc2
36.Qe6+  1/2-1/2

[Event "Rishon Le Ziyyon YM"]
[Site "Rishon Le Ziyyon"]
[Date "1995.??.??"]
[Round "11"]
[White "Sutovskij, Emil"]
[Black "Kogan, Artur"]
[Result "1-0"]
[WhiteElo "2530"]
[BlackElo "2465"]

1.e4 c5 2.Nf3 e6 3.Nc3 a6 4.d4 cxd4 5.Nxd4 Qc7 6.g3 Bb4 7.Bd2 Nf6 8.Bg2 Nc6
9.Nb3 Be7 10.f4 d6 11.O-O h5 12.Qe2 h4 13.g4 h3 14.Bf3 b5 15.g5 Nd7 16.Rae1 Bb7
17.g6 fxg6 18.Bg4 Nd8 19.Nd4 Nf8 20.a3 Rh4 21.Qf3 Qc4 22.Nb3 Nc6 23.Be3 e5
24.Nd5 Nd4 25.Bxd4 Bxd5 26.exd5 exd4 27.Na5 Rxg4+ 28.Qxg4 Qxd5 29.f5 Qg2+
30.Qxg2 hxg2 31.Kxg2 Rc8 32.Re2 Kd7 33.fxg6 Bf6 34.h4 Nxg6 35.h5 Ne7 36.h6 Nd5
37.Kf3 gxh6 38.Ke4 Ke6 39.Nb3 Rc4 40.Rd1 d3+ 41.Kxd3+ Kf5 42.Rf2+ Nf4+ 43.Ke3 Re4+
44.Kf3 Bxb2 45.Rxd6 Rc4 46.Ke3 Re4+ 47.Kf3 Rc4 48.Ke3 Re4+ 49.Kd2 h5 50.Rxa6 Kg4
51.Nc5 Rc4 52.Nd3 Bc3+ 53.Kd1 Nh3 54.Rg6+ Kh4 55.Rh2 Rd4 56.Ke2 Re4+ 57.Kf3 Rg4
58.Rxh3+  1-0

[Event "Sala op"]
[Site "Sala"]
[Date "1995.??.??"]
[Round "6"]
[White "Movsesian, Sergei"]
[Black "Priehoda, Vitezslav"]
[Result "1-0"]
[WhiteElo "2435"]
[BlackElo "2400"]

1.e4 c5 2.Nf3 e6 3.Nc3 a6 4.d4 cxd4 5.Nxd4 Qc7 6.g3 Bb4 7.Ne2 Be7 8.Bg2 Nf6
9.O-O d6 10.h3 Nc6 11.a3 O-O 12.g4 Re8 13.g5 Nd7 14.f4 Bf8 15.h4 b5 16.Kh1 Nb6
17.h5 d5 18.e5 Bb7 19.b3 Rac8 20.Bb2 d4 21.Ne4 Nd5 22.Bc1 Red8 23.Qe1 b4
24.g6 h6 25.Qg3 f5 26.exf6 gxf6 27.axb4 Ncxb4 28.Nxd4 Qb6 29.Bb2 Nxc2 30.Rad1 Nde3
31.Nxf6+ Kh8 32.Nd5 Nxf1 33.Nxe6+ Nd4 34.g7+  1-0

[Event "Santiago op"]
[Site "Santiago"]
[Date "1995.??.??"]
[Round "?"]
[White "Garcia Carbo, Marcial"]
[Black "Strikovic, Aleksa"]
[Result "0-1"]
[WhiteElo "2320"]
[BlackElo "2485"]

1.e4 c5 2.Nf3 e6 3.d4 cxd4 4.Nxd4 a6 5.Nc3 Qc7 6.g3 Nf6 7.Bg2 Nc6 8.O-O Bc5
9.Be3 Ne5 10.h3 b5 11.Kh1 Bb7 12.a3 Nc4 13.Bc1 O-O 14.Nb3 Be7 15.Qe2 Rac8
16.a4 b4 17.Nd1 d5 18.exd5 Nxd5 19.f4 Bf6 20.Rb1 Rfe8 21.Nf2 e5 22.f5 e4
23.Nxe4 Nde3 24.Bxe3 Bxe4 25.Bf4 Bxg2+ 26.Qxg2 Be5 27.Nd2 Nd6 28.Bxe5 Rxe5
29.f6 Nf5 30.Rfe1 Rce8 31.Nf3 Re2  0-1

[Event "Schwaebisch Gmuend op"]
[Site "Schwaebisch Gmuend"]
[Date "1995.??.??"]
[Round "?"]
[White "Jirovsky, Pavel"]
[Black "Adamski, Jan"]
[Result "0-1"]
[WhiteElo "2315"]
[BlackElo "2390"]

1.e4 c5 2.Nf3 e6 3.d4 cxd4 4.Nxd4 a6 5.Nc3 b5 6.Bd3 d6 7.O-O Nf6 8.Be3 Bb7
9.Kh1 b4 10.Na4 Nxe4 11.Bxe4 Bxe4 12.Qg4 Bd5 13.Rae1 h5 14.Qh3 Nd7 15.Nf5 g6
16.Bd4 Rh7 17.Ne3 Bc6 18.f4 Bg7 19.f5 Bxd4 20.fxg6 Rg7 21.gxf7+ Kf8 22.Qxe6 Nf6
23.Re2 Bxe3 24.Rxf6 Ra7 25.Qxe3 Rgxf7 26.Rxf7+ Rxf7 27.Qh6+ Kg8 28.Qg6+ Rg7
29.Qe6+ Kh8 30.Qh6+ Rh7 31.Qf4 Bxa4 32.Re6 Bc6 33.Rf6 Qe7 34.h3 Bb7 35.Rf8+ Kg7
36.Rf5 Rh6 37.Rg5+ Rg6 38.Rxh5 Rxg2 39.Qh6+ Kf7 40.Rf5+ Ke8 41.Qh5+ Rg6+
42.Kh2 Qh7 43.Qe2+ Kd7  0-1

[Event "Schwaebisch Gmuend op"]
[Site "Schwaebisch Gmuend"]
[Date "1995.??.??"]
[Round "?"]
[White "Sick, Oliver"]
[Black "Vasovski, Nikola"]
[Result "0-1"]
[WhiteElo "2335"]
[BlackElo "2285"]

1.e4 c5 2.Nf3 e6 3.Nc3 a6 4.d4 cxd4 5.Nxd4 Qc7 6.g3 Nc6 7.Bg2 d6 8.O-O Be7
9.Nde2 Nf6 10.h3 b5 11.a3 Bb7 12.g4 h6 13.Ng3 g5 14.f4 Rg8 15.Kh1 Rd8 16.Nd5 exd5
17.exd5 Nb8 18.Nf5 Bf8 19.Qe2+ Kd7 20.Nxh6 Bxh6 21.fxg5 Bxg5 22.Bxg5 Rxg5
23.Rxf6 Kc8 24.Qd2 Re5 25.Raf1 Rd7 26.b3 Rde7 27.c4 bxc4 28.bxc4 Nd7 29.Rxf7 Rxf7
30.Rxf7 Qxc4 31.Rf4 Qc5 32.Rf1 Bxd5 33.Rc1 Bc4 34.Qf4 d5 35.g5 Kd8 36.g6 Qe3
37.Qh4+ Re7 38.Rd1 Qe5 39.g7 Qxg7 40.a4 Qf6 41.Qg3 Qe5 42.Qh4 Nb6 43.a5 Nd7
44.Kg1 Kc7 45.Kh1 Rg7 46.Qf2 Qg3 47.Qxg3+ Rxg3 48.Bxd5 Bxd5+ 49.Rxd5 Rxh3+
50.Kg2 Re3 51.Kf2 Re5 52.Rd3 Rxa5  0-1

[Event "Sitges op"]
[Site "Sitges"]
[Date "1995.??.??"]
[Round "1"]
[White "Parayre, J."]
[Black "Spassov, Liuben"]
[Result "0-1"]
[WhiteElo "2065"]
[BlackElo "2450"]

1.e4 c5 2.d4 cxd4 3.Nf3 e6 4.Nxd4 a6 5.Nc3 Qc7 6.Be2 b5 7.O-O Bb7 8.a3 Nf6
9.Qd3 d6 10.Bg5 Nbd7 11.f4 Nc5 12.Qe3 Ncxe4 13.Nxe4 Nxe4 14.Rae1 d5 15.Bg4 Bc5
16.c3 O-O 17.Bh4 Rfe8 18.Kh1 Qb6 19.Rf3 a5 20.Qd3 b4 21.f5 e5 22.f6 exd4
23.fxg7 Qh6 24.Ref1 Qxh4 25.Rxf7 Ba6 26.Qf3 Bxf1 27.Be6 Rxe6 28.Rc7 Rf6  0-1

[Event "SLO-chT"]
[Site "?"]
[Date "1995.??.??"]
[Round "4"]
[White "Mihevc, Narcisa"]
[Black "Krmelj, Natasa"]
[Result "1-0"]
[WhiteElo "2220"]
[BlackElo "2120"]

1.e4 c5 2.Nf3 e6 3.d4 cxd4 4.Nxd4 a6 5.Nc3 b5 6.Bd3 Bb7 7.O-O Nc6 8.Nxc6 Bxc6
9.Qe2 Nf6 10.e5 Nd5 11.Ne4 d6 12.Bg5 Qc7 13.exd6 Bxd6 14.Nxd6+ Qxd6 15.Qg4 h5
16.Qh4 f6 17.Bg6+ Kf8 18.Bd2 Be8 19.Bd3 g5 20.Qd4 e5 21.Qe4 Rd8 22.Ba5 Rc8
23.Rad1 Qc6 24.c3 Ne7 25.Bb4 Kf7 26.Qe2 Qe6 27.Bc2 Nd5 28.Bb3 Bc6 29.Rd2 Rcd8
30.Rfd1 Kg7 31.Qe1 Rd7 32.Rd3 Rhd8 33.Ba5 Rh8 34.Qd2 Qg4 35.Bxd5  1-0